000 00650nam a2200205Ia 4500
003 GCL
008 140319s9999 xx 000 0 ara d
040 _aGCL /
_cGCL
082 0 4 _a792.9
_bو م
100 1 _aوزارة الثقافة
245 1 0 _aمهرجان القاهرة الدولى للمسرح التجريبى: 1 - 11 سبتمبر 1997 /
_cوزارة الثقافة
300 _a547 ص
490 _aوزارة الثقافة
_v0
650 0 4 _aالمسرح
650 0 4 _aالمهرجانات
650 0 4 _aالمسرح التجريبى
650 0 4 _aالمسرح - مصر
650 0 4 _aالفن التجريبى
942 _2ddc
_cBK
999 _c52053
_d52053